Fifa 20 Top 25 Netherlands Players - Statistics

General Stats
  • This quiz has been taken 45 times
  • The average score is 14 of 25
Answer Stats
Rating Team Player % Correct
90 Liverpool Virgil Van Dijk
100%
85 FC Barcelona Frenkie De Jong
98%
82 Sevilla FC Luuk De Jong
98%
85 Piemonte Calcio Matthijs De Ligt
93%
84 Liverpool Georginio Wijnaldum
90%
84 Olympique Lyon Memphis Depay
90%
83 Ajax Daley Blind
78%
82 Tottenham Hotspur Steven Bergwijn
78%
81 Ajax Donny Van De Beek
75%
84 Inter Milan Stefan De Vrij
73%
81 VFL Wolfsburg Wout Weghorst
60%
83 Valencia CF Jasper Cillessen
58%
82 Eintracht Frankfurt Bas Dost
55%
78 Atalanta Hans Hateboer
50%
80 Bournemouth Nathan Ake
45%
80 Feyenoord Steven Berghuis
45%
80 Olympique Marseille Kevin Strootman
43%
80 Werder Bremen Davy Klaassen
38%
82 Ajax Quincy Promes
35%
79 Club Brugge Ruud Vormer
33%
78 PSV Eindhoven Denzel Dumfries
28%
78 FSV Mainz 05 Jean-Paul Boetius
20%
79 Ajax Joel Veltman
20%
80 PSV Eindhoven Jeroen Zoet
10%
78 Hertha BSC Karim Rekik
5%
No matching quizzes found
Score Distribution
Percent of People with Each Score
Percentile by Number Answered
Your Score History
You have not taken this quiz